El príncipe Siddharta : (Registro nro. 10264)

Detalles MARC
000 -LIDER
fixed length control field 00914nam a2200313 b 4500
001 - NÚMERO DE CONTROL
Identificador de número de control 05351
003 - IDENTIFICACDOR DE NÚMERO DE CONTROL
control field DO-SdBNP
005 - DATE AND TIME OF LATEST TRANSACTION
control field 20240522085817.0
007 - CAMPOS FIJOS DE DESCRIPCIÓN FÍSICA
fixed length control field 05351
008 - ELEMENTOS DE LONGITUD FIJA
fixed length control field 070731s2000 sp | ||spa
015 ## - NÚMERO DENTRO DE LA BIBLIOGRAFÍA NACIONAL
National bibliography number
017 ## - NÚMERO DE REGISTRO DE DERECHOS DE AUTOR
Copyright or legal deposit number
Assigning agency
020 ## - ISBN
International Standard Book Number 8425334454
035 ## - NÚMERO LOCAL
System control number
040 ## - FUENTE DE CATALOGACIÓN
Agencia que crea de manera original el registro BPMSU
Idioma de catalogación spa
Agencia que realiza la transcripción BPMSU
Convenciones de la despripción
082 #4 - NÚMERO DE CLASIFICACIÓN DECIMAL DE DEWEY
Classification number 853.91
Item number P224p 2000
Edition number 22
100 1# - ASIENTO PRINCIPAL -- NOMBRE PERSONAL
Nombre personal Parazzoli, Ferruccio
Fechas asociadas con el nombre 1935 -
245 13 - MENCIÓN DE TITULO
Título El príncipe Siddharta :
Subtítulo las cuatro verdades /
Mención de responsabilidad Ferruccio Parazzoli, Patricia Chendi ; traducción Juan Vivanco.
Medio (Designación general de material)
250 ## - MENCIÓN DE EDICION
Mención de edición
260 ## - PUBLICACIÓN, DISTRIBUCIÓN, ETC. (PIE DE IMPRENTA)
Lugar de publicación, distribución, etc Barcelona :
Nombre del editor, distribuidor, etc. Grijalbo Mondadori,
Fecha de publicación, distribución, etc 2000.
300 ## - DESCRIPCIÓN FÍSICA
Extensión 262 p. :
Dimensiones 24 cm
534 ## - NOTA SOBRE LA VERSIÓN ORIGINAL
Asiento principal del original Título original :
Mención del título original Siddharta. Le quattro veritá
590 ## - NOTA LOCAL
Texto de la nota local Inventariado, 2023/VM
650 #4 - ENCABEZAMIENTO DE MATERIA--TEMÁTICO
Término temático o nombre geográfico como elemento de entrada Novela italiana
700 1# - ASIENTO SECUNDARIO -- NOMBRE PERSONAL
Nombre personal Chendi, Patricia,
700 12 - ASIENTO SECUNDARIO -- NOMBRE PERSONAL
Nombre personal Vivanco, Juan,
Mención de responsabilidad tr.
910 ## - VALIDACIÓN
Validación VMateo V. Control de calidad. BPMSU
942 ## - ADDED ENTRY ELEMENTS (KOHA)
Source of classification or shelving scheme Dewey Decimal Classification
Koha item type Libros
Existencias
Withdrawn status Lost status Source of classification or shelving scheme Damaged status Not for loan Collection code Home library Current library Date acquired Source of acquisition Total Checkouts Full call number Barcode Date last seen Price effective from Koha item type
    Dewey Decimal Classification     Colección General Biblioteca Pública Metropolitana Salomé Ureña Biblioteca Pública Metropolitana Salomé Ureña 06/02/2016 BNPHU   BPMSU CG 853.91 P224p 2000 BPMSU16060039 06/02/2016 06/02/2016 Libros